| 000 | 00412nam a22001457a 4500 | ||
|---|---|---|---|
| 999 |
_c9201 _d9201 |
||
| 003 | GBCCL | ||
| 005 | 20241126110707.0 | ||
| 008 | 220531b ||||| |||| 00| 0 eng d | ||
| 040 | _cgbc | ||
| 082 |
_aSOU SIA _b2022 |
||
| 245 |
_aSIAMSINPAWLPI 1947-2022 Platinum jubilee souvenir _cedited by Valte Ginkhenpau |
||
| 260 |
_aBungmual : _bSSPP general headquarters , _c2022. |
||
| 300 | _a226p. ; | ||
| 942 |
_2ddc _cARCH |
||